Statistics for Eastern Time Zone States

Click here to take the quiz!

General Stats

  • This quiz has been taken 34 times
  • The average score is 21 of 22

Answer Stats

State% Correct
Delaware
100%
Georgia
100%
Maine
100%
Maryland
100%
North Carolina
100%
Rhode Island
100%
South Carolina
100%
Tennessee
100%
Virginia
100%
West Virginia
100%
Connecticut
97%
Florida
97%
Kentucky
97%
New Hampshire
97%
Ohio
97%
Vermont
97%
Massachusetts
93%
New Jersey
93%
New York
93%
Pennsylvania
93%
Indiana
90%
Michigan
83%

Score Distribution

Percentile by Number Answered

Percent of People with Each Score

Your Score History

You have not taken this quiz